Problems and solutions in analog systems (Record no. 108098)
| 000 -LEADER | |
|---|---|
| fixed length control field | 00603nam a2200205Ia 4500 |
| 003 - CONTROL NUMBER IDENTIFIER | |
| control field | LDD |
| 008 - FIXED-LENGTH DATA ELEMENTS--GENERAL INFORMATION | |
| fixed length control field | 181029s9999 xx 000 0 und d |
| 020 ## - INTERNATIONAL STANDARD BOOK NUMBER | |
| International Standard Book Number | 9788123913636 |
| Terms of availability | 235.00 |
| 040 ## - CATALOGING SOURCE | |
| Transcribing agency | LDD |
| 100 ## - MAIN ENTRY--PERSONAL NAME | |
| Personal name | Gopal, R. |
| 245 #0 - TITLE STATEMENT | |
| Title | Problems and solutions in analog systems |
| Statement of responsibility, etc. | R. Gopal |
| 260 ## - PUBLICATION, DISTRIBUTION, ETC. | |
| Place of publication, distribution, etc. | New Delhi |
| Name of publisher, distributor, etc. | CBS Publishers |
| Date of publication, distribution, etc. | 2006 |
| 300 ## - PHYSICAL DESCRIPTION | |
| Extent | v, 414p. |
| 365 ## - TRADE PRICE | |
| Price amount | 235.00 |
| 440 ## - SERIES STATEMENT/ADDED ENTRY--TITLE | |
| Title | CBS problem and solution series |
| 901 ## - LOCAL DATA ELEMENT A, LDA (RLIN) | |
| a | 10638 |
| b | 19-02-2013 |
| 902 ## - LOCAL DATA ELEMENT B, LDB (RLIN) | |
| a | 2012-2013/172 |
| b | 25-02-2013 |
| c | F |
| d | S-A |
| e | 53 |
| 903 ## - LOCAL DATA ELEMENT C, LDC (RLIN) | |
| a | Discount-15 |
| b | Reqst by : Subha M. Gokhale |
| 942 ## - ADDED ENTRY ELEMENTS (KOHA) | |
| Source of classification or shelving scheme | Dewey Decimal Classification |
| Koha item type | Books |
| Withdrawn status | Lost status | Source of classification or shelving scheme | Damaged status | Not for loan | Home library | Current library | Total Checkouts | Full call number | Barcode | Date last seen | Price effective from | Koha item type |
|---|---|---|---|---|---|---|---|---|---|---|---|---|
| No | Dewey Decimal Classification | Library and Documentation Division | Library and Documentation Division | 621.3815 G646P | 091432 | 11/01/2018 | 11/01/2018 | Books |
